Immigration and the work force (Record no. 227901)
[ view plain ]
| 000 -LEADER | |
|---|---|
| fixed length control field | 02474nam a2200397 a 4500 |
| 082 04 - DEWEY DECIMAL CLASSIFICATION NUMBER | |
| Classification number | 331.6/2/0973 |
| 245 00 - TITLE STATEMENT | |
| Title | Immigration and the work force |
| 260 ## - PUBLICATION, DISTRIBUTION, ETC. (IMPRINT) | |
| Place of publication | Chicago : |
| Name of publisher | University of Chicago Press, |
| Year of publication | 1992. |
| 300 ## - PHYSICAL DESCRIPTION | |
| Number of Pages | ix, 281 p. : |
| Other physical details | ill. |
| 490 1# - SERIES STATEMENT | |
| Series statement | A National Bureau of Economic Research project report |
| 505 0# - FORMATTED CONTENTS NOTE | |
| Formatted contents note | 1. National origin and the skills of immigrants in the postwar period / George J. Borjas -- 2. Out-migration and return migration of Puerto Ricans / Fernando A. Ramos -- 3. The assimilation of immigrants in the U.S. labor market / Robert J. LaLonde and Robert H. Topel -- 4. The fertility of immigrant women : evidence from high-fertility source countries / Francine D. Blau -- 5. Mass emigration, remittances, and economic adjustment : the case of El Salvador in the 1980s / Edward Funkhouser -- 6. When the minimum wage really bites : the effect of the U.S.-level minimum on Puerto Rico / Alida J. Castillo-Freeman and Richard B. Freeman -- 7. On the labor market effects of immigration and trade / George J. Borjas, Richard B. Freeman, and Lawrence F. Katz -- 8. The effect of immigrant arrivals on migratory patterns of native workers / Randall K. Filer. |
| 650 #0 - SUBJECT ADDED ENTRY--TOPICAL TERM | |
| Topical Term | Foreign workers |
| Topical Term | Labor market |
| Topical Term | Emigrant remittances. |
| 700 1# - ADDED ENTRY--PERSONAL NAME | |
| Personal name | Borjas, George J. |
| Personal name | Freeman, Richard B. |
| 856 40 - ELECTRONIC LOCATION AND ACCESS | |
| Uniform Resource Identifier | http://site.ebrary.com/lib/rucke/Doc?id=10453061 |
No items available.
